|
|
|
|
| LEADER |
00000nam a2200000 a 4500 |
| 001 |
vtls001465335 |
| 003 |
SK-MaSNL |
| 005 |
20260301014314.0 |
| 008 |
251113s2002 PL a r 0 pol |
| 020 |
|
|
|a 8370633471
|c 630.00
|
| 035 |
|
|
|a SNK000420640
|
| 040 |
|
|
|a SNK
|b slo
|c SNK
|e AACR2
|
| 044 |
|
|
|a PL
|
| 072 |
|
7 |
|a 72/76
|2 konspekt
|
| 080 |
|
|
|a 72/76(091)
|2 1981
|
| 080 |
|
|
|a (438)
|2 1981
|
| 080 |
|
|
|a (082)
|2 1981
|
| 245 |
1 |
|
|a Marmur dziejowy
|b studia z historii sztuki
|c [główny redaktor Jan M. Piskorski]]
|
| 246 |
1 |
0 |
|a Historical Marble
|
| 260 |
|
|
|a Poznań
|b Pozńanskie Towarzystwo Przyjaciól Nauk
|c 2002
|
| 300 |
|
|
|a 560 s.
|b fotogr., ilustr.
|c 24 cm
|
| 490 |
1 |
|
|a Prace Komisji Historii Sztuki
|v t. 32
|x 0079-466X
|
| 500 |
|
|
|a Súbež. tit. strana angl.
|
| 504 |
|
|
|a Bibliografia, poznámky
|
| 650 |
0 |
7 |
|a dejiny výtvarného umenia
|2 phsnk
|9 79104
|
| 650 |
0 |
7 |
|a poľské výtvarné umenie
|2 phsnk
|9 79661
|
| 650 |
0 |
7 |
|a výtvarné umenie
|2 konspekt
|9 723
|
| 655 |
|
7 |
|a zbierky
|2 SNK
|9 70533
|
| 655 |
|
7 |
|a zborníky
|2 SNK
|9 70165
|
| 700 |
1 |
|
|a Piskorski, Jan M.
|d 1956-
|4 zre
|9 302364
|
| 810 |
2 |
|
|a Poznańskie Towarzystwo Przyjaciól Nauk
|t Prace Komisji Historii Sztuki
|9 302365
|
| 919 |
|
|
|a 83-7063-347-1
|
| 999 |
|
|
|c 558339
|d 560269
|
| 952 |
|
|
|t P60, <04>, [BOOK], {604}
|a SNK
|b SNK
|y VYP
|7 0
|p 17A0410041
|o snkIC 131117
|i snkV 194/2004
|g 9.96
|0 0
|1 0
|4 0
|d 2003-12-15
|l 0
|r 2005-01-02 00:00:00
|w 2026-02-23
|